000 00187 a2200097 4500
001 1521
100 _aPope, J.A
245 _aMelal iatigue
260 _a
_bChapman
_c
090 _c1062
_d1062
942 _aNUST-CAE
_cM
_c692
999 _c236594
_d236594